RUDN Journal of Economics

Saved in:
Bibliographic Details
Format: Serial
Language:English
Published: Moscow Peoples Friendship University of Russia
Tags: Add Tag
No Tags, Be the first to tag this record!

MARC

LEADER 00000nas1a2200000 4500
001 0250198
005 20210128160159.1
022 |a 2408-8986 
022 |a 2313-2329 
041 0 |a eng 
044 |a RU 
245 1 0 |a RUDN Journal of Economics 
264 1 |a Moscow  |b Peoples Friendship University of Russia